00505nam a2200157Ia 4500008004100000082001500041100001600056245002300072260002300095300000800118630002300126730002300149942000900172999001900181952014700200100122s9999 xx 000 0 und d b67740a823 aCOLFER EOIN aTHE OPAL DECEPTION bPUFFIN BOOKSc2005 a343 aTHE OPAL DECEPTION aTHE OPAL DECEPTION cBOOK c381179d381176 00104070aSVPPARLEbSVPPARLEd2005-07-31g258.00l0o67740pSVPPARLE-67740r2010-01-25 00:00:00v258.00w2010-01-25yBOOKz", , General, NA"